WHERE on earth did Subway Surfers go to? - Statistics

General Stats
  • This quiz has been taken 28 times
  • The average score is 114 of 143
Answer Stats
Hint Answer % Correct
Spain Barcelona
100%
2018 (Egypt) | 2022 (Egypt) | Egypt Cairo
100%
Thailand Bangkok
94%
Germany Berlin
94%
Argentina Buenos Aires
94%
Denmark (5th Birthday!) | Denmark (9th Birthday!) Copenhagen
94%
Cuba Havana
94%
2015 (USA | USA | USA (Collaboration with Lady Gaga) Las Vegas
94%
U.K London
94%
Russia Moscow
94%
2013 (USA) | USA New York
94%
France Paris
94%
2019 (Brazil) | Brazil Rio
94%
Italy Rome
94%
South Korea Seoul
94%
Australia Sydney
94%
2017 (Netherlands) | Netherlands Amsterdam
88%
China Beijing
88%
UAE Dubai
88%
Mexico Mexico City
88%
2014 (India) | India Mumbai
88%
Singapore Singapore
88%
Japan | Japan (Olympicsss!) Tokyo
88%
USA Washington
88%
2020 (USA) | USA Chicago
82%
USA Houston
82%
USA Los Angeles
82%
USA | USA (4th of July) | USA (NFLPA COLLAB) Miami
82%
Monaco Monaco
82%
Brazil Sao Paulo
82%
Canada Vancouver
82%
U.K (Scotland) Edinburgh
76%
Morocco | Morocco (8th Birthday!) Marrakesh
76%
Fictional (North Pole) North Pole
76%
USA San Francisco
76%
USA Seattle
76%
Russia St. Petersburg
76%
Italy Venice
76%
China (Another way of saying Xi’an) Chang’an
71%
China Hong Kong
71%
Czechia Prague
71%
Switzerland Zürich
71%
USA (Superbowl) Atlanta
65%
Indonesia (Island) Bali
65%
China Shanghai
65%
Greece Greece
59%
Iceland Iceland
59%
Kenya Kenya
59%
USA New Orleans
59%
Peru Peru
59%
USA (Near Boston) Cambridge
53%
Madagascar Madagascar
53%
U.K Oxford
53%
2021 Fictional (Space Station) Space Station
53%
Romania Transylvania
53%
Fictional (Winter Holiday) Winter Holiday
53%
2016 (USA) | USA Hawaii
47%
Fictional (Journey to the East) Journey to the East
47%
Current. Fictional, (Lunar New Year) Lunar New Year
47%
USA (Not a city but a suburb of Los Angeles) | USA (Suburb of L.A) Venice Beach
47%
Arabia Saudi Arabia
41%
USA (Walmart) Little Rock
35%
No matching quizzes found
Score Distribution
Percent of People with Each Score
Percentile by Number Answered
Your Score History
You have not taken this quiz